| 000 | 00500nam a2200217Ia 4500 | ||
|---|---|---|---|
| 003 | LK-CoDNM | ||
| 005 | 20240823121114.0 | ||
| 008 | 010623t1909 xxu||||| |||| 00| 1 eng d | ||
| 040 |
_aLK-CoDNM _dLK-CoDNM _eLK-CoDNM |
||
| 041 | _aeng | ||
| 080 |
_a7 _bP10 |
||
| 100 | _aMacauliffe,Max Arthur | ||
| 245 | _aThe Sikh Religion | ||
| 260 |
_bOxford _aLondon _c1909 |
||
| 300 | _b351P. ; 21 cm | ||
| 650 | _aAmar Das | ||
| 650 | _aAngad | ||
| 650 | _aLawan | ||
| 650 | _aRam Das | ||
| 942 | _cBK | ||
| 999 |
_c87097 _d87097 |
||